000 00260nam a2200109Ia 4500
008 200302s9999 xx 000 0 und d
100 _aPeter Zumthor
245 _aPeter Zumthor - Atmospheres
260 _bBirkhauser Publishing
260 _c2015
300 _a75 P
999 _c4381
_d4381